Systémové pojatie starostlivosti o základné prostriedky záverečná práca postgraduálneho štúdia

Gespeichert in:
Bibliographische Detailangaben
1. Verfasser: Rybár, Blažej
Körperschaft: Vysoká škola ekonomická v Bratislave
Weitere Verfasser: Líška, Ivan
Format: Buch
Sprache:Slowakisch
Veröffentlicht: Bratislava 1990
Tags: Tag hinzufügen
Keine Tags, Fügen Sie das erste Tag hinzu!

MARC

LEADER 00000nam a2200000 4500
001 c033178
005 20221215071559.5
041 0 |a slo 
044 |a SK 
245 1 0 |a Systémové pojatie starostlivosti o základné prostriedky  |b záverečná práca postgraduálneho štúdia  |c Blažej Rybár ; Ved. práce Ivan Líška 
264 1 |a Bratislava  |c 1990 
300 |a 63 s. 
100 1 |a Rybár, Blažej 
700 1 |a Líška, Ivan 
710 2 |a Vysoká škola ekonomická v Bratislave